| 000 | 00386nam a2200157Ia 4500 | ||
|---|---|---|---|
| 008 | 230917s9999||||xx |||||||||||||| ||und|| | ||
| 020 | _cRS0.6 | ||
| 040 |
_e12570 _aMAIN |
||
| 041 | _aEnglish | ||
| 082 | _a301.446 D44P | ||
| 100 | _aDeogaonkar, S G | ||
| 245 | 0 | _aProblems of development of tribal areas | |
| 260 |
_aDelhi _bLeela Devi _c1980 |
||
| 300 | _axx,179 p. | ||
| 942 | _cBK | ||
| 999 |
_c215001 _d215001 |
||